[Event "Catalunya-chT Gp1"]
[Site "Barcelona"]
[Date "2018.02.10"]
[Round "4.10"]
[White "Pau Plana, Albert"]
[Black "Lopez Forn, Marc"]
[Result "0-1"]
[WhiteElo "2077"]
[BlackElo "2043"]
[PlyCount "66"]
[EventDate "2018.01.20"]
[EventType "team-tourn"]
[EventRounds "7"]
[EventCountry "ESP"]
[SourceTitle "CBM 182 Extra"]
[Source "ChessBase"]
[SourceDate "2018.02.23"]
[SourceVersion "1"]
[SourceVersionDate "2018.02.23"]
[SourceQuality "1"]
[WhiteTeam "Figueres"]
[BlackTeam "Peona I Peo"]
[WhiteTeamCountry "ESP"]
[BlackTeamCountry "ESP"]

1. d4 d6 2. Nf3 Nd7 3. g3 e5 4. c4 Be7 5. Nc3 c6 6. Bg2 Ngf6 7. Qc2 Qc7 8. 0-0 h6 9. b3 g5 10. Rd1 Nf8 11. c5 dxc5 12. dxe5 Ng4 13. Bb2 Ng6 14. Ne4 N4xe5 15. Nxe5 Nxe5 16. f4 gxf4 17. gxf4 Ng4 18. h3 Ne3 19. Qc3 Rg8 20. Qxe3 Kf8 21. Be5 Qb6 22. f5 Bxf5 23. Qxh6+ Ke8 24. Qe3 Be6 25. Nd6+ Bxd6 26. Bxd6 c4 27. Bc5 Qc7 28. Rd6 Rg6 29. Qe5 Qa5 30. Qh8+ Ke7 31. Rd8+ Qxc5+ 32. Qd4 Qxd4+ 33. Rxd4 Rag8 0-1

[Event "Barcelona Tupinamba op 12th"]
[Site "Barcelona"]
[Date "2017.05.24"]
[Round "9.6"]
[White "Lopez Forn, Marc"]
[Black "Seca Carol, Ruben"]
[Result "1-0"]
[WhiteElo "2051"]
[BlackElo "1823"]
[PlyCount "121"]
[EventDate "2017.03.22"]
[EventType "swiss"]
[EventRounds "9"]
[EventCountry "ESP"]
[SourceTitle "EXT 2024"]
[Source "ChessBase"]
[SourceDate "2023.10.10"]
[SourceVersion "1"]
[SourceVersionDate "2023.10.10"]
[SourceQuality "1"]

1. e4 e6 2. f4 d5 3. e5 c5 4. Nf3 Nc6 5. c3 Bd7 6. Na3 Nh6 7. Bd3 c4 8. Bc2 Qb6 9. d4 cxd3 10. Qxd3 Ng4 11. Rf1 Bc5 12. b4 Be3 13. Ke2 Bxc1 14. Raxc1 Rc8 15. h3 Nh6 16. g4 g6 17. Rg1 a5 18. b5 Na7 19. Ba4 Qc5 20. c4 Qb4 21. Qb3 Qxb3 22. axb3 0-0 23. c5 f6 24. exf6 Rxf6 25. g5 Rxf4 26. gxh6 Rcf8 27. Rgf1 e5 28. Nd2 Bxh3 29. Rxf4 Rxf4 30. c6 Bg4+ 31. Ke1 b6 32. Nc2 e4 33. Nf1 Bh3 34. Ke2 Bg4+ 35. Ke3 Rf3+ 36. Kd4 Rd3+ 37. Ke5 Nc8 38. Ne1 Rh3 39. Kxd5 e3 40. Kd4 e2 41. Ne3 Be6 42. Kd3 Rxh6 43. Kxe2 g5 44. Nf3 g4 45. Rg1 Rg6 46. Ne5 Rg7 47. N3xg4 Bxg4+ 48. Nxg4 Kh8 49. Kf3 h5 50. Rh1 Rh7 51. Ne5 Ne7 52. Rd1 Kg7 53. Rg1+ Kf6 54. Nd7+ Kf5 55. Nxb6 Ng6 56. Nc4 h4 57. b6 h3 58. c7 Nh4+ 59. Kf2 Ke4 60. c8Q Rf7+ 61. Ke2 1-0

[Event "Barcelona Tres Peons-G 46th"]
[Site "Barcelona"]
[Date "2017.05.19"]
[Round "5.2"]
[White "Lopez Forn, Marc"]
[Black "Sama Salinas, Hector"]
[Result "0-1"]
[WhiteElo "2051"]
[BlackElo "2212"]
[PlyCount "88"]
[EventDate "2017.04.21"]
[EventType "swiss"]
[EventRounds "9"]
[EventCountry "ESP"]
[SourceTitle "EXT 2024"]
[Source "ChessBase"]
[SourceDate "2023.10.10"]
[SourceVersion "1"]
[SourceVersionDate "2023.10.10"]
[SourceQuality "1"]

1. e4 e6 2. f4 d5 3. e5 c5 4. Nf3 Nc6 5. c3 Nge7 6. Na3 Nf5 7. Bd3 Qb6 8. Bb1 Be7 9. 0-0 h5 10. Bxf5 exf5 11. Nc2 Be6 12. d3 0-0-0 13. b3 f6 14. d4 fxe5 15. fxe5 Rdf8 16. Bf4 h4 17. Qd2 Rh5 18. Kh1 Qd8 19. dxc5 g5 20. Ncd4 Bg8 21. Be3 f4 22. Bg1 Nxd4 23. Qxd4 h3 24. c6 hxg2+ 25. Kxg2 b6 26. Qa4 Kb8 27. Nd4 Qc8 28. Nb5 Qh3+ 29. Kh1 a5 30. c7+ Kb7 31. Nd6+ Bxd6 32. exd6 f3 33. Rf2 Be6 34. Re1 g4 35. Rxe6 g3 36. c8Q+ Rxc8 37. Re7+ Kb8 38. Rg7 gxf2 39. Qd4 fxg1Q+ 40. Qxg1 Ka8 41. Rg3 Qe6 42. Qxb6 Qe1+ 43. Rg1 Rxh2+ 44. Kxh2 Rh8# 0-1

[Event "Barcelona Tres Peons-G 46th"]
[Site "Barcelona"]
[Date "2017.04.21"]
[Round "1.4"]
[White "Lopez Forn, Marc"]
[Black "Perez Garcia, Adria"]
[Result "1-0"]
[WhiteElo "2051"]
[BlackElo "2167"]
[PlyCount "109"]
[EventDate "2017.04.21"]
[EventType "swiss"]
[EventRounds "9"]
[EventCountry "ESP"]
[SourceTitle "EXT 2024"]
[Source "ChessBase"]
[SourceDate "2023.10.10"]
[SourceVersion "1"]
[SourceVersionDate "2023.10.10"]
[SourceQuality "1"]

1. d4 Nf6 2. Nc3 d5 3. Bf4 c5 4. e3 cxd4 5. exd4 a6 6. Bd3 Bg4 7. f3 Bh5 8. Nge2 Bg6 9. h4 e6 10. g4 Nc6 11. h5 Bxd3 12. Qxd3 h6 13. 0-0-0 Qa5 14. Kb1 b5 15. Nc1 Be7 16. Qe3 Rc8 17. g5 hxg5 18. Bxg5 Nxh5 19. Bxe7 Nxe7 20. Qe5 Nc6 21. Rxh5 Nxe5 22. Rxh8+ Kd7 23. Rxc8 Kxc8 24. dxe5 b4 25. N3e2 Qc7 26. Nd3 Qb6 27. f4 Qe3 28. Re1 a5 29. Nc3 Qh3 30. Nb5 f6 31. exf6 gxf6 32. Nd4 a4 33. b3 e5 34. fxe5 fxe5 35. Rxe5 a3 36. Nc6 Qh1+ 37. Re1 Qh4 38. Ncxb4 Qd4 39. Re8+ Kb7 40. Rb8+ Kc7 41. Ra8 Qg1+ 42. Nc1 Qd4 43. Nbd3 Kb6 44. Rxa3 Qc3 45. Ra4 d4 46. Rc4 Qd2 47. Rxd4 Qc3 48. Rb4+ Ka5 49. a4 Ka6 50. Rc4 Qd2 51. Kb2 Qg5 52. Na2 Qg7+ 53. Nc3 Ka7 54. Rc7+ Qxc7 55. Nb5+ 1-0

[Event "Barcelona Tupinamba op 12th"]
[Site "Barcelona"]
[Date "2017.03.29"]
[Round "2.2"]
[White "Exposito Amaro, Josue"]
[Black "Lopez Forn, Marc"]
[Result "1-0"]
[WhiteElo "2288"]
[BlackElo "2051"]
[PlyCount "89"]
[EventDate "2017.03.22"]
[EventType "swiss"]
[EventRounds "9"]
[EventCountry "ESP"]
[SourceTitle "EXT 2024"]
[Source "ChessBase"]
[SourceDate "2023.10.10"]
[SourceVersion "1"]
[SourceVersionDate "2023.10.10"]
[SourceQuality "1"]

1. e4 d5 2. exd5 Qxd5 3. Nc3 Qd6 4. g3 Nf6 5. Bg2 a6 6. Nf3 Bg4 7. 0-0 Nc6 8. h3 Bh5 9. d3 h6 10. b4 Qxb4 11. Bd2 Qd6 12. Rb1 e5 13. Qc1 Bxf3 14. Bxf3 Be7 15. Rxb7 0-0 16. Re1 Nd4 17. Bg2 Rab8 18. Rb1 Qc5 19. Rb2 Rxb2 20. Qxb2 Bd6 21. Kf1 Nd7 22. Bd5 Nf6 23. Bg2 Nd7 24. Be3 Rb8 25. Qa1 Qa3 26. Bxd4 exd4 27. Ne2 Qb2 28. Qxb2 Rxb2 29. Nxd4 Rxa2 30. Bd5 Ra3 31. Re8+ Nf8 32. Bc4 Ra1+ 33. Ke2 g6 34. Nc6 a5 35. Ra8 Rc1 36. Bb3 Kg7 37. Rxa5 Nd7 38. d4 Rh1 39. Nd8 Rxh3 40. Nxf7 Bb4 41. Ra7 Kf6 42. Rxc7 Nf8 43. Ne5 Be7 44. Ng4+ Kg5 45. Rxe7 1-0

[Event "Catalunya-chT Gp1"]
[Site "Barcelona"]
[Date "2017.03.04"]
[Round "7.9"]
[White "Lopez Forn, Marc"]
[Black "Subirats Ruiz, Sergi"]
[Result "0-1"]
[WhiteElo "2061"]
[BlackElo "2165"]
[PlyCount "94"]
[EventDate "2017.01.21"]
[EventType "team-tourn"]
[EventRounds "7"]
[EventCountry "ESP"]
[SourceTitle "EXT 2018"]
[Source "ChessBase"]
[SourceDate "2017.10.13"]
[SourceVersion "1"]
[SourceVersionDate "2017.10.13"]
[SourceQuality "1"]
[WhiteTeam "Peona I Peo"]
[BlackTeam "Sant Andreu"]
[WhiteTeamCountry "ESP"]
[BlackTeamCountry "ESP"]

1. d4 Nf6 2. Nc3 d5 3. Bf4 e6 4. Nb5 Na6 5. a3 Be7 6. e3 0-0 7. Bd3 c5 8. dxc5 Bd7 9. Nc3 Nxc5 10. Nf3 Nh5 11. Bg3 Qb6 12. Be5 Nxd3+ 13. cxd3 g6 14. g4 Ng7 15. h4 f6 16. Bd4 Qd6 17. b4 b6 18. Qb3 Bc6 19. Ne2 e5 20. Bb2 Qe6 21. g5 Qg4 22. Nd2 Rac8 23. Rc1 Kh8 24. gxf6 Bxf6 25. h5 gxh5 26. b5 Bh4 27. Ng3 Bxg3 28. fxg3 Qxg3+ 29. Kd1 Bd7 30. Rc3 d4 31. exd4 exd4 32. Rc4 Be6 33. Qb4 Qxd3 34. Rxd4 Qc2+ 35. Ke1 Qf5 36. Rf1 Qe5+ 37. Re4 Qg3+ 38. Kd1 Bg4+ 39. Rxg4 Rxf1+ 40. Nxf1 Qxg4+ 41. Qxg4 hxg4 42. Ne3 Rc5 43. Nxg4 Rxb5 44. Kc2 h5 45. Nf6 h4 46. Bd4 h3 47. Bg1 Rg5 0-1

[Event "Catalunya-chT Gp1"]
[Site "Barcelona"]
[Date "2017.02.11"]
[Round "4.10"]
[White "Lopez Forn, Marc"]
[Black "Bonell Mitjans, Antonio"]
[Result "1/2-1/2"]
[WhiteElo "2061"]
[BlackElo "2087"]
[PlyCount "30"]
[EventDate "2017.01.21"]
[EventType "team-tourn"]
[EventRounds "7"]
[EventCountry "ESP"]
[SourceTitle "CBM 176 Extra"]
[Source "ChessBase"]
[SourceDate "2017.03.02"]
[SourceVersion "1"]
[SourceVersionDate "2017.03.02"]
[SourceQuality "1"]
[WhiteTeam "Peona I Peo"]
[BlackTeam "Gerunda"]
[WhiteTeamCountry "ESP"]
[BlackTeamCountry "ESP"]

1. e4 e6 2. b3 d5 3. Bb2 dxe4 4. f3 exf3 5. Qxf3 Nf6 6. Nc3 Nc6 7. 0-0-0 Nd4 8. Qg3 Qd6 9. Qh4 Be7 10. Nh3 Bd7 11. Bd3 Bc6 12. Rhg1 h6 13. Rdf1 0-0-0 14. Qe1 Rhf8 15. Nf2 Qxh2 1/2-1/2

[Event "Catalunya-chT Gp2"]
[Site "Barcelona"]
[Date "2016.02.27"]
[Round "6.1"]
[White "Lopez Forn, Marc"]
[Black "Delisau Gil, Oriol"]
[Result "0-1"]
[WhiteElo "2067"]
[BlackElo "2171"]
[PlyCount "131"]
[EventDate "2016.01.23"]
[EventType "team-tourn"]
[EventRounds "7"]
[EventCountry "ESP"]
[SourceTitle "EXT 2017"]
[Source "ChessBase"]
[SourceDate "2016.10.25"]
[SourceVersion "1"]
[SourceVersionDate "2016.10.25"]
[SourceQuality "1"]
[WhiteTeam "Peona I Peo"]
[BlackTeam "Sant Andreu"]
[WhiteTeamCountry "ESP"]
[BlackTeamCountry "ESP"]

1. e4 e5 2. Nf3 Nc6 3. Bc4 Bc5 4. b4 Bxb4 5. c3 Be7 6. d4 Na5 7. Nxe5 Nxc4 8. Nxc4 d5 9. exd5 Qxd5 10. Ne3 Qa5 11. 0-0 Nf6 12. Re1 0-0 13. Nc4 Qd5 14. Ba3 Bxa3 15. Nbxa3 b6 16. Re5 Qd7 17. Qf3 Ba6 18. Rg5 h6 19. Rg3 Qe6 20. Ne5 Rae8 21. Nc2 Nd7 22. Nxd7 Qxd7 23. Ne3 Bd3 24. Ng4 Bg6 25. h4 Kh7 26. Ne5 Qf5 27. Qc6 Re7 28. Re3 Bh5 29. Rae1 Rfe8 30. a4 f6 31. Nc4 Rxe3 32. Rxe3 Rxe3 33. Nxe3 Qf4 34. Nd5 Qd6 35. Qb7 c6 36. Ne3 Bg6 37. Qxa7 b5 38. a5 Qa3 39. a6 Qxc3 40. Qc5 Qa1+ 41. Kh2 Qxa6 42. d5 cxd5 43. Nxd5 Qa4 44. Nb4 h5 45. Qd4 Qb3 46. Nd5 Qc4 47. Qxc4 bxc4 48. Kg3 Be4 49. Nc3 Bc6 50. f3 g5 51. hxg5 fxg5 52. Kf2 Kg6 53. Ke3 Kf5 54. Ne2 Ke5 55. g3 h4 56. f4+ gxf4+ 57. gxf4+ Kd5 58. f5 Ke5 59. Nd4 Bd5 60. f6 Kxf6 61. Kf4 h3 62. Kg3 Bg2 63. Ne2 Ke5 64. Nc3 Kd4 65. Nb5+ Kd3 66. Kh2 0-1

[Event "Catalunya-chT Gp2"]
[Site "Barcelona"]
[Date "2016.02.20"]
[Round "5.4"]
[White "Martinez Lopez, Ivan"]
[Black "Lopez Forn, Marc"]
[Result "1-0"]
[WhiteElo "2222"]
[BlackElo "2067"]
[PlyCount "79"]
[EventDate "2016.01.23"]
[EventType "team-tourn"]
[EventRounds "7"]
[EventCountry "ESP"]
[SourceTitle "EXT 2017"]
[Source "ChessBase"]
[SourceDate "2016.10.25"]
[SourceVersion "1"]
[SourceVersionDate "2016.10.25"]
[SourceQuality "1"]
[WhiteTeam "Lleida"]
[BlackTeam "Peona I Peo"]
[WhiteTeamCountry "ESP"]
[BlackTeamCountry "ESP"]

1. c4 e5 2. g3 f5 3. Bg2 Nf6 4. Nc3 Bc5 5. e3 Bb6 6. Nge2 d6 7. b3 0-0 8. Bb2 c6 9. d4 e4 10. d5 Nbd7 11. 0-0 Ne5 12. Na4 Nd3 13. dxc6 bxc6 14. Bd4 Ng4 15. Nxb6 axb6 16. f3 exf3 17. Bxf3 Nde5 18. Bg2 Bd7 19. h3 Nf6 20. Bb2 Qe7 21. Qd4 Rae8 22. Rad1 Nf7 23. Qxb6 Qxe3+ 24. Qxe3 Rxe3 25. Nd4 Ne4 26. Nxf5 Bxf5 27. Rxf5 Nxg3 28. Rf2 Ne4 29. Rf4 Nfg5 30. Rxf8+ Kxf8 31. Bc1 Nxh3+ 32. Kh2 Re2 33. Rf1+ Nhf2 34. Bxe4 Ke7 35. Bxc6 Rxa2 36. Kg3 Nd3 37. Bg5+ Ke6 38. Bd5+ Ke5 39. Be7 Rb2 40. Bf8 1-0

[Event "Barcelona Guinardo op 5th"]
[Site "Barcelona"]
[Date "2016.01.04"]
[Round "8"]
[White "Perez Garcia, Adria"]
[Black "Lopez Forn, Marc"]
[Result "0-1"]
[WhiteElo "2052"]
[BlackElo "2067"]
[PlyCount "82"]
[EventDate "2015.12.27"]
[EventType "swiss"]
[EventRounds "9"]
[EventCountry "ESP"]
[SourceTitle "CBM 170 Extra"]
[Source "ChessBase"]
[SourceDate "2016.02.25"]
[SourceVersion "1"]
[SourceVersionDate "2016.02.25"]
[SourceQuality "1"]

1. e4 e5 2. Nf3 Nc6 3. Bb5 Nge7 4. Nc3 g6 5. d4 exd4 6. Nxd4 Bg7 7. Nxc6 Nxc6 8. Bxc6 bxc6 9. Be3 d6 10. Bd4 0-0 11. Bxg7 Kxg7 12. Qd2 Rb8 13. 0-0-0 Be6 14. h4 h6 15. Qd4+ f6 16. f4 c5 17. Qf2 Qc8 18. h5 g5 19. fxg5 fxg5 20. Qe3 Qb7 21. b3 Rbe8 22. Rhe1 Bg4 23. Rd5 Bxh5 24. Qh3 Bf7 25. Rh1 Rh8 26. Rf1 Qc8 27. Rdf5 Be6 28. Qh5 Bxf5 29. exf5 Qd8 30. Qg6+ Kf8 31. f6 Qd7 32. f7 Re6 33. Qh5 c6 34. Qf3 Rh7 35. Qd3 Rxf7 36. Rh1 Qe7 37. Qa6 Re1+ 38. Rxe1 Qxe1+ 39. Kb2 Qe8 40. Qd3 Qe6 41. Qa6 d5 0-1

[Event "Barcelona Guinardo op 5th"]
[Site "Barcelona"]
[Date "2015.12.30"]
[Round "4"]
[White "Porta Tovar, Guillem"]
[Black "Lopez Forn, Marc"]
[Result "1-0"]
[WhiteElo "2189"]
[BlackElo "2067"]
[PlyCount "61"]
[EventDate "2015.12.27"]
[EventType "swiss"]
[EventRounds "9"]
[EventCountry "ESP"]
[SourceTitle "CBM 170 Extra"]
[Source "ChessBase"]
[SourceDate "2016.02.25"]
[SourceVersion "1"]
[SourceVersionDate "2016.02.25"]
[SourceQuality "1"]

1. e4 d5 2. exd5 Qxd5 3. Nc3 Qd6 4. d4 Nf6 5. Nf3 a6 6. g3 Bg4 7. Bg2 Nc6 8. 0-0 0-0-0 9. Be3 e5 10. dxe5 Nxe5 11. Nxe5 Bxd1 12. Nxf7 Bxc2 13. Nxd6+ Bxd6 14. Rac1 Bf5 15. Ba7 Rde8 16. Rfd1 Re6 17. h3 h5 18. Na4 Be4 19. Nb6+ Kd8 20. Bb8 Bc6 21. Bxc6 bxc6 22. Rxc6 Ne8 23. Bxc7+ Ke7 24. Bxd6+ Nxd6 25. Nd5+ Kd8 26. Nf4 Kd7 27. Rxa6 Rf6 28. Ra7+ Kc6 29. Rxg7 h4 30. a4 Rf5 31. Ng6 1-0

[Event "Barcelona Puig op 1st"]
[Site "Barcelona"]
[Date "2015.10.28"]
[Round "5.5"]
[White "Bielecki, Pawel"]
[Black "Lopez Forn, Marc"]
[Result "1/2-1/2"]
[WhiteElo "2146"]
[BlackElo "2202"]
[PlyCount "52"]
[EventDate "2015.09.30"]
[EventType "swiss"]
[EventRounds "9"]
[EventCountry "ESP"]
[SourceTitle "EXT 2024"]
[Source "ChessBase"]
[SourceDate "2023.10.10"]
[SourceVersion "1"]
[SourceVersionDate "2023.10.10"]
[SourceQuality "1"]

1. e4 d6 2. d4 Nf6 3. Nc3 c6 4. f3 Qc7 5. Be3 e5 6. Nge2 Be7 7. Qd2 0-0 8. 0-0-0 b5 9. Re1 b4 10. Nd1 c5 11. d5 a5 12. c4 bxc3 13. Nexc3 a4 14. Nb5 Qb6 15. Na3 Ba6 16. Kb1 Nbd7 17. Ka1 Rfe8 18. Qc2 Bxf1 19. Rhxf1 Qa6 20. Qc4 Reb8 21. Qxa6 Rxa6 22. Bd2 Ne8 23. Bc3 Nc7 24. Ne3 Nb5 25. Nxb5 Rxb5 26. Nc4 Ra8 1/2-1/2

[Event "Catalunya-chT"]
[Site "Catalunya"]
[Date "2014.03.01"]
[Round "6.1"]
[White "Lopez Forn, Marc"]
[Black "De la Fuente Clemente, Constantin"]
[Result "1-0"]
[WhiteElo "2067"]
[BlackElo "1824"]
[PlyCount "62"]
[EventDate "2014.01.25"]
[EventType "team"]
[EventRounds "11"]
[EventCountry "ESP"]
[SourceTitle "EXT 2015"]
[Source "ChessBase"]
[SourceDate "2014.11.20"]
[SourceVersion "1"]
[SourceVersionDate "2014.11.20"]
[SourceQuality "1"]
[WhiteTeam "Peona I Peo"]
[BlackTeam "Montcada"]
[WhiteTeamCountry "ESP"]
[BlackTeamCountry "ESP"]

1. e4 e5 2. Nf3 Nf6 3. Bc4 Bc5 4. 0-0 d6 5. b4 Bb6 6. a4 a6 7. d4 Qe7 8. Bg5 h6 9. Bh4 g5 10. Bg3 Bg4 11. dxe5 dxe5 12. Qd3 Nbd7 13. Nbd2 Rd8 14. Qc3 Bxf3 15. Qxf3 h5 16. h4 Ng4 17. hxg5 h4 18. Qxg4 hxg3 19. Qxg3 Nf8 20. Nf3 Ng6 21. Rad1 c6 22. Qg4 Nf4 23. Qf5 Bc7 24. Rxd8+ Kxd8 25. Rd1+ Ke8 26. Bxf7+ Kf8 27. Rd7 Ne2+ 28. Kf1 Nd4 29. Nxd4 Rh1+ 30. Ke2 Re1+ 31. Kf3 Qxb4 1-0

[Event "Barcelona Chavarria Memorial 1st"]
[Site "Barcelona"]
[Date "2012.11.28"]
[Round "9"]
[White "Sanchez Ibern, Eric"]
[Black "Lopez Forn, Marc"]
[Result "1/2-1/2"]
[WhiteElo "2080"]
[BlackElo "2034"]
[PlyCount "58"]
[EventDate "2012.10.03"]
[EventType "swiss"]
[EventRounds "9"]
[EventCountry "ESP"]
[SourceTitle "EXT 2014"]
[Source "ChessBase"]
[SourceDate "2013.11.20"]
[SourceVersion "1"]
[SourceVersionDate "2013.11.20"]
[SourceQuality "1"]

1. d4 Nf6 2. Nf3 g6 3. Bg5 Bg7 4. Nbd2 d5 5. e3 c6 6. Bd3 Nbd7 7. 0-0 h6 8. Bh4 g5 9. Bg3 Nh5 10. Be5 Bxe5 11. Nxe5 Nxe5 12. dxe5 Ng7 13. Qe2 h5 14. b3 Qc7 15. f4 gxf4 16. exf4 Bg4 17. Qf2 e6 18. h3 Bf5 19. Qg3 Kf8 20. Kh2 h4 21. Qf2 Ke7 22. Nf3 Bxd3 23. cxd3 Nf5 24. Qc5+ Kd7 25. Ng5 b6 26. Qf2 Ke7 27. Rac1 Rac8 28. b4 Qb7 29. Rc2 Rc7 1/2-1/2

[Event "Barcelona Sant Marti op-A 14th"]
[Site "Barcelona"]
[Date "2012.07.17"]
[Round "5"]
[White "Lopez Forn, Marc"]
[Black "Zsinka, Laszlo"]
[Result "0-1"]
[WhiteElo "2032"]
[BlackElo "2291"]
[PlyCount "88"]
[EventDate "2012.07.13"]
[EventType "swiss"]
[EventRounds "9"]
[EventCountry "ESP"]
[SourceTitle "CBM 149 Extra"]
[Source "ChessBase"]
[SourceDate "2012.08.24"]
[SourceVersion "1"]
[SourceVersionDate "2012.08.24"]
[SourceQuality "1"]

1. e4 e5 2. Nf3 Nc6 3. d4 exd4 4. Nxd4 Bc5 5. Nb3 Bb6 6. a4 a6 7. Nc3 Qf6 8. Qe2 Nge7 9. Nd5 Nxd5 10. exd5+ Ne7 11. a5 Ba7 12. h4 h6 13. g4 Kf8 14. Ra4 Nxd5 15. Re4 Qd8 16. g5 hxg5 17. Bxg5 f6 18. Bd2 d6 19. Bh3 Bxh3 20. Rxh3 Qd7 21. Rd3 f5 22. Qf3 Kg8 23. Re2 c6 24. c4 Nf6 25. Bf4 Qf7 26. Bxd6 Rxh4 27. Bg3 Re4 28. Qxf5 Rae8 29. Rxe4 Rxe4+ 30. Kd1 Qxc4 31. Rd8+ Kf7 32. Nd2 Qa4+ 33. b3 Qa1+ 34. Kc2 Rd4 35. Rxd4 Qxd4 36. f3 Qc5+ 37. Qxc5 Bxc5 38. Nc4 Ke6 39. Kd3 Kd5 40. Be5 Ne8 41. Bg3 Nd6 42. Nxd6 Bxd6 43. Be1 c5 44. Bc3 g6 0-1

[Event "Barcelona Sant Marti op-A 14th"]
[Site "Barcelona"]
[Date "2012.07.16"]
[Round "4"]
[White "Vigoa Apecheche, Yanira"]
[Black "Lopez Forn, Marc"]
[Result "1/2-1/2"]
[WhiteElo "2269"]
[BlackElo "2032"]
[PlyCount "86"]
[EventDate "2012.07.13"]
[EventType "swiss"]
[EventRounds "9"]
[EventCountry "ESP"]
[SourceTitle "CBM 149 Extra"]
[Source "ChessBase"]
[SourceDate "2012.08.24"]
[SourceVersion "1"]
[SourceVersionDate "2012.08.24"]
[SourceQuality "1"]

1. d4 e5 2. dxe5 Nc6 3. Nf3 Qe7 4. g3 Nxe5 5. Bg2 Nf6 6. 0-0 d6 7. Nc3 h6 8. a4 g5 9. a5 a6 10. b3 Bg7 11. Bb2 0-0 12. Ra2 Rd8 13. Qa1 Nc6 14. Ra4 Bf5 15. h4 d5 16. hxg5 hxg5 17. Qd1 Be4 18. Nxg5 Bxg2 19. Kxg2 d4 20. Na2 Ne4 21. Nxe4 Qxe4+ 22. f3 Qg6 23. Qd3 Re8 24. Rf2 Qxd3 25. exd3 Re1 26. Nb4 Ne7 27. Ra1 Re6 28. Na2 Nd5 29. f4 f5 30. Rh1 Ne3+ 31. Kf3 Rae8 32. Re2 Ng4 33. Rxe6 Rxe6 34. Bc1 Bf8 35. c4 dxc3 36. Nxc3 Rc6 37. Ne2 Rc2 38. Rh5 Bb4 39. Rg5+ Kh7 40. Rxf5 Nh2+ 41. Kf2 Ng4+ 42. Kf3 Nh2+ 43. Kf2 Ng4+ 1/2-1/2

[Event "Montseny op 3rd"]
[Site "Montseny"]
[Date "2012.05.19"]
[Round "6"]
[White "Vigo Allepuz, David"]
[Black "Lopez Forn, Marc"]
[Result "0-1"]
[WhiteElo "2058"]
[BlackElo "2053"]
[PlyCount "86"]
[EventDate "2012.04.14"]
[EventType "swiss"]
[EventRounds "8"]
[EventCountry "ESP"]
[SourceTitle "CBM 148 Extra"]
[Source "ChessBase"]
[SourceDate "2012.06.22"]
[SourceVersion "1"]
[SourceVersionDate "2012.06.22"]
[SourceQuality "1"]

1. d4 Nf6 2. c4 Nc6 3. Nc3 e5 4. d5 Ne7 5. Nf3 Ng6 6. h4 h5 7. Bg5 Be7 8. e3 d6 9. Qc2 Nd7 10. Bd3 Bxg5 11. hxg5 Ndf8 12. Ne4 Ne7 13. Ng3 g6 14. Ne4 Nh7 15. Nh4 Bd7 16. f4 exf4 17. 0-0-0 Qc8 18. exf4 Nf5 19. Rde1 0-0 20. Nxf5 Bxf5 21. Rxh5 gxh5 22. Nf6+ Nxf6 23. Bxf5 Qd8 24. gxf6 Qxf6 25. Rh1 Rfe8 26. Qd3 Kf8 27. g3 Re7 28. Rxh5 Re1+ 29. Kc2 Rae8 30. Bg4 R8e3 31. Qh7 Rxg3 32. Rf5 Rg2+ 33. Kd3 Qg7 34. Qxg7+ Kxg7 35. Rg5+ Kf8 36. b4 Ra1 37. Bc8 Rxg5 38. fxg5 b6 39. c5 dxc5 40. bxc5 bxc5 41. Kc4 Rc1+ 42. Kb5 Ke7 43. Kc6 Kd8 0-1

[Event "Montseny op 3rd"]
[Site "Montseny"]
[Date "2012.05.12"]
[Round "5"]
[White "Lopez Forn, Marc"]
[Black "Capellades Subirana, Marc"]
[Result "1/2-1/2"]
[WhiteElo "2053"]
[BlackElo "2266"]
[PlyCount "40"]
[EventDate "2012.04.14"]
[EventType "swiss"]
[EventRounds "8"]
[EventCountry "ESP"]
[SourceTitle "CBM 148 Extra"]
[Source "ChessBase"]
[SourceDate "2012.06.22"]
[SourceVersion "1"]
[SourceVersionDate "2012.06.22"]
[SourceQuality "1"]

1. e4 e5 2. f4 d5 3. Nc3 Nf6 4. fxe5 Nxe4 5. Nf3 Bg4 6. Be2 Nc6 7. d4 Bb4 8. Qd3 0-0 9. 0-0 Bxf3 10. Bxf3 f5 11. exf6 Nxf6 12. Bg5 Ne7 13. Rae1 Qd7 14. Re5 Bd6 15. Bxf6 Rxf6 16. Rh5 g6 17. Nxd5 Nxd5 18. Bxd5+ Kg7 19. Rxf6 Kxf6 20. Rh6 Kg7 1/2-1/2

[Event "Barcelona Ateneu Colon op 7th"]
[Site "Barcelona"]
[Date "2012.04.25"]
[Round "6"]
[White "Garreta Martinez, Albert"]
[Black "Lopez Forn, Marc"]
[Result "1/2-1/2"]
[WhiteElo "1932"]
[BlackElo "2053"]
[PlyCount "70"]
[EventDate "2012.03.14"]
[EventType "swiss"]
[EventRounds "9"]
[EventCountry "ESP"]
[SourceTitle "EXT 2013"]
[Source "ChessBase"]
[SourceDate "2012.11.22"]
[SourceVersion "1"]
[SourceVersionDate "2012.11.22"]
[SourceQuality "1"]

1. d4 Nf6 2. c4 Nc6 3. Nf3 e6 4. Nc3 d5 5. cxd5 exd5 6. g3 Be7 7. Bg2 0-0 8. 0-0 Re8 9. Bg5 h6 10. Bxf6 Bxf6 11. e3 Ne7 12. b4 Bf5 13. h3 c6 14. Qb3 Nc8 15. Na4 Nd6 16. Nd2 g5 17. Nb2 Qd7 18. Kh2 Qc7 19. Rac1 g4 20. hxg4 Bxg4 21. Nd3 h5 22. Nf4 Qe7 23. f3 Bf5 24. Nxh5 Bg6 25. Nxf6+ Qxf6 26. Bh3 Kg7 27. Kg2 Re7 28. Rce1 Rae8 29. a4 Qg5 30. Kf2 Bf5 31. Rh1 Bxh3 32. Rxh3 Nf5 33. Nf1 Rh8 34. Rxh8 Kxh8 35. b5 Kg7 1/2-1/2

[Event "Barcelona Tres Peons op 14th"]
[Site "Barcelona"]
[Date "2012.02.03"]
[Round "4"]
[White "Garreta Martinez, Albert"]
[Black "Lopez Forn, Marc"]
[Result "0-1"]
[WhiteElo "1933"]
[BlackElo "2067"]
[PlyCount "82"]
[EventDate "2012.01.13"]
[EventType "swiss"]
[EventRounds "9"]
[EventCountry "ESP"]
[SourceTitle "EXT 2013"]
[Source "ChessBase"]
[SourceDate "2012.11.22"]
[SourceVersion "1"]
[SourceVersionDate "2012.11.22"]
[SourceQuality "1"]

1. d4 f5 2. c4 Nf6 3. Nc3 e6 4. Nf3 Be7 5. g3 d5 6. cxd5 exd5 7. Bg2 c6 8. 0-0 Nbd7 9. Bg5 h6 10. Bxf6 Nxf6 11. Ne5 0-0 12. Ng6 Re8 13. Nxe7+ Qxe7 14. e3 Be6 15. Qc2 g5 16. Ne2 Ne4 17. Nc1 h5 18. Nd3 Nd6 19. Ne5 Kg7 20. b3 Rh8 21. f4 g4 22. h4 gxh3 23. Bxh3 Rag8 24. Kh2 Ne4 25. Rg1 Kf6 26. Rg2 Rg7 27. Rag1 Qb4 28. Nd3 Qe7 29. Nc5 Nd6 30. Qb2 Nf7 31. e4 Nh6 32. Nxe6 Ng4+ 33. Kh1 Qxe6 34. e5+ Kf7 35. Re1 h4 36. Bxg4 hxg3+ 37. Kg1 Rxg4 38. Re3 Qh6 39. e6+ Kf6 40. Rexg3 Rxg3 41. Rxg3 Qh1+ 0-1